| 000 | 01106nam a22002177a 4500 | ||
|---|---|---|---|
| 999 |
_c8609 _d8609 |
||
| 003 | AR-CdUCM | ||
| 008 | 190325b ||||| |||| 00| 0 spa d | ||
| 020 | _a9968942472 | ||
| 040 |
_aMUNICIPALIDAD PROVINCIAL DEL CUSCO _cBIBLIOTECA MUNICIPAL DEL CUSCO |
||
| 082 |
_a303.485 / _bB41C |
||
| 100 |
_aBeltrán, Luis Ramiro _924090 |
||
| 245 |
_aComunicación educativa e información pública sobre desastres en América Latina : _bnotas para reflexionar / |
||
| 260 |
_aCosta Rica : _bOficina de la UNESCO para América central, _c2005. |
||
| 300 |
_aXIV, 134 páginas ; _c21 cm. |
||
| 505 | _aContenido: La lucha contra el devastador flagelo -- La prevención: ¿de clave a accesorio? -- Por "una cultura de prevención" -- ¿Qué es una "cultura de prevención"? -- La comunicación sobre desastres -- Comunicación para una "cultura de prevención" -- Planificación estratégica de la comunicación ... | ||
| 650 |
_aDesastres naturales - Prevención _924091 |
||
| 650 |
_aEducación - Prevención _924092 |
||
| 650 |
_aDesastres - América latina _924093 |
||
| 942 |
_2ddc _cLIBROS |
||
| 945 | _alccs | ||